000 00205 a2200097 4500
001 59907
100 _a
245 _aClassroom Confidential
260 _aNew York
_bContinuum
_c2006
090 _c36742
_d36742
942 _aNUST-CAE
_c
_c29716
999 _c294980
_d294980